Sports Quiz

Random Sports or Clickable Quiz

NHL: Anything But Canada Quiz Stats

 Plays Quiz Updated Jul 8, 2021

     
Support Sporcle.
Go Orange.
Score 0/25 Timer 01:30
0 Plays Today
% Correct
???
92.8%
???
91.2%
???
90.4%
???
88.5%
???
87.9%
???
87.8%
???
87.7%
???
86.5%
???
86%
???
81%
???
80.2%
???
79.8%
???
79.3%
% Correct
???
71.9%
???
71.5%
???
70.1%
???
69.8%
???
69.7%
???
69.6%
???
67.7%
???
67.2%
???
67.2%
???
66.3%
???
66.1%
???
66%

From the Vault

'T' Books by Cover

by livicj5

These books are truly top-notch.
Remove Ads.
Support Sporcle.
Get the best of Sporcle when you Go Orange. This ad-free experience offers more features, more stats, and more fun while also helping to support Sporcle. Thank you for becoming a member.

Show Comments

Extras

Top Quizzes Today


Score Distribution

Your Account Isn't Verified!

In order to create a playlist on Sporcle, you need to verify the email address you used during registration. Go to your Sporcle Settings to finish the process.

Report this User

Report this user for behavior that violates our Community Guidelines.

Details: